Atlas histórico de la España medieval / (Record no. 179110)

MARC details
000 -LEADER
campo de control de longitud fija 01107nam a2200277 i 4500
001 - NÚMERO DE CONTROL
campo de control 179110
003 - IDENTIFICADOR DE NÚMERO DE CONTROL
campo de control ES-MaACL
005 - FECHA Y HORA DE LA ÚLTIMA TRANSACCIÓN
campo de control 20240228155331.0
008 - DATOS DE LONGITUD FIJA--INFORMACIÓN GENERAL
campo de control de longitud fija 110912s2010 sp abd |||| |dspa d
020 ## - NÚMERO INTERNACIONAL ESTÁNDAR DEL LIBRO
Número Internacional Estándar del Libro 978-84-975666-8-1
080 ## - NÚMERO DE LA CLASIFICACIÓN DECIMAL UNIVERSAL
Número de la Clasificación Decimal Universal 94(460)"0414/1474"
100 1# - ENTRADA PRINCIPAL--NOMBRE DE PERSONA
Nombre de persona Monsalvo Antón, José María.
9 (RLIN) 82289
245 10 - MENCIÓN DEL TÍTULO
Título Atlas histórico de la España medieval /
Mención de responsabilidad, etc. José María Monsalvo Antón.
260 ## - PUBLICACIÓN, DISTRIBUCIÓN, ETC.
Lugar de publicación, distribución, etc. Madrid :
Nombre del editor, distribuidor, etc. Síntesis,
Fecha de publicación, distribución, etc. [2010]
300 ## - DESCRIPCIÓN FÍSICA
Extensión 275 p. :
Otras características físicas mapas col., gráf. ;
Dimensiones 24 cm.
500 ## - NOTA GENERAL
Nota general Tablas genealógicas.
505 8# - NOTA DE CONTENIDO CON FORMATO
Nota de contenido con formato Contiene: Alta Edad Media (siglos V-X) - Plena Edad Media (siglos XI-XIII) - Baja Edad Media (siglos XIV-XV)
650 #4 - PUNTO DE ACCESO ADICIONAL DE MATERIA--TÉRMINO DE MATERIA
Término de materia o nombre geográfico como elemento de entrada Historia medieval-
Subdivisión de forma Atlas.
9 (RLIN) 147903
651 #7 - PUNTO DE ACCESO ADICIONAL DE MATERIA--NOMBRE GEOGRÁFICO
Nombre geográfico España-
Subdivisión general Historia-
Subdivisión cronológica 0414-1474, Edad media.
9 (RLIN) 8214
651 #7 - PUNTO DE ACCESO ADICIONAL DE MATERIA--NOMBRE GEOGRÁFICO
Nombre geográfico España-
Subdivisión general Historia-
Subdivisión cronológica 0414-0711, Época visigoda
Fuente del encabezamiento o término
9 (RLIN) 162046
651 #4 - PUNTO DE ACCESO ADICIONAL DE MATERIA--NOMBRE GEOGRÁFICO
Nombre geográfico España-
Subdivisión general Historia-
Subdivisión cronológica 0711-1492, Reconquista.
9 (RLIN) 8217
852 ## - LOCALIZACIÓN
Ubicación ES-MaACL
itemnumber 185982
Sublocalización o colección R.146344
Número de control de estantería A-11500
Signatura antigua Olim: N-4504
Ubicación en estantería Depósito 1
942 ## - ELEMENTOS DE ENTRADA SECUNDARIOS (KOHA)
Fuente del sistema de clasificación o colocación Clasificación decimal universal
Tipo de ítem Koha Libro impreso
Holdings
Estatus retirado Estado de pérdida Fuente del sistema de clasificación o colocación Estado de daño No para préstamo Biblioteca de origen Biblioteca actual Ubicación en estantería Fecha de adquisición Fuente de adquisición Total de préstamos Signatura topográfica completa Código de barras Visto por última vez Precio de reemplazo Tipo de ítem Koha
    Clasificación decimal universal     Biblioteca del Ateneo de Madrid Biblioteca del Ateneo de Madrid Depósito 1 12/09/2011 Compra   A-11500 1188147 23/02/2023 23/02/2023 Libro impreso